书目信息 |
| 题名: |
装备试验分析与评估
|
|
| 作者: | 宫二玲 , 孙志强 编著 | |
| 分册: | ||
| 出版信息: | 长沙 国防科技大学出版社 2010 |
|
| 页数: | 239页 | |
| 开本: | 23cm | |
| 丛书名: | ||
| 单 册: | ||
| 中图分类: | TJ06 | |
| 科图分类: | ||
| 主题词: | 武器装备--武器试验--研究生--教材 , 武器装备--综合评价--研究生--教材 | |
| 电子资源: | ||
| ISBN: | 978-7-81099-782-9 | |
| 000 | 01035nam0 2200265 450 | |
| 001 | 2339067759 | |
| 005 | 20231224105125.31 | |
| 010 | @a978-7-81099-782-9@d36.00CNY | |
| 100 | @a20111125d2010 em y0chiy0120 ea | |
| 101 | 0 | @achi |
| 102 | @aCN@b430000 | |
| 105 | @ay z 000yy | |
| 200 | 1 | @a装备试验分析与评估@Azhuang bei shi yan fen xi yu ping gu@b专著@dTest analysis and evaluation of weapon systems@f宫二玲,孙志强编著@zeng |
| 210 | @a长沙@c国防科技大学出版社@d2010 | |
| 215 | @a239页@d23cm | |
| 300 | @a研究生教材 国防科技大学研究生教材专项经费资助出版 | |
| 330 | @a本书分为六章,内容包括装备试验的基本理论、数理统计基础、Bayes方法基础、Bayes统计推断与决策、Bayes统计决策在装备试验中的应用等。 | |
| 510 | 1 | @aTest analysis and evaluation of weapon systems@zeng |
| 606 | 0 | @a武器装备@x武器试验@x研究生@j教材 |
| 606 | 0 | @a武器装备@x综合评价@x研究生@j教材 |
| 690 | @aTJ06@v5 | |
| 701 | 0 | @a宫二玲@Agong er ling@4编著 |
| 701 | 0 | @a孙志强@Asun zhi qiang@4编著 |
| 801 | 2 | @aCN@b辽宁北配@c20231205 |
| 905 | @aBZT@dTJ06@e5 | |
| 装备试验分析与评估=Test analysis and evaluation of weapon systems/宫二玲,孙志强编著.-长沙:国防科技大学出版社,2010 |
| 239页;23cm |
| 研究生教材 国防科技大学研究生教材专项经费资助出版 |
| ISBN 978-7-81099-782-9:36.00CNY |
| 本书分为六章,内容包括装备试验的基本理论、数理统计基础、Bayes方法基础、Bayes统计推断与决策、Bayes统计决策在装备试验中的应用等。 |
| ● |
| 相关链接 |
|
|
|
正题名:装备试验分析与评估
索取号:TJ06/5
 
预约/预借
| 序号 | 登录号 | 条形码 | 馆藏地/架位号 | 状态 | 备注 |
| 1 | 2001697676 | 2001697676 | 辽三/辽宁北配(第三批)/3879/ [索取号:TJ06/5] | 在馆 | |
| 2 | 2001697677 | 2001697677 | 辽三/辽宁北配(第三批)/3879/ [索取号:TJ06/5] | 在馆 | |
| 3 | 2001697678 | 2001697678 | 辽三/辽宁北配(第三批)/3879/ [索取号:TJ06/5] | 在馆 | |
| 4 | 2001697679 | 2001697679 | 辽三/辽宁北配(第三批)/3879/ [索取号:TJ06/5] | 在馆 | |
| 5 | 2001697680 | 2001697680 | 辽三/辽宁北配(第三批)/3879/ [索取号:TJ06/5] | 在馆 | |
| 6 | 2001697681 | 2001697681 | 辽三/辽宁北配(第三批)/3879/ [索取号:TJ06/5] | 在馆 | |
| 7 | 2001697682 | 2001697682 | 辽三/辽宁北配(第三批)/3879/ [索取号:TJ06/5] | 在馆 | |
| 8 | 2001697683 | 2001697683 | 辽三/辽宁北配(第三批)/3880/ [索取号:TJ06/5] | 在馆 | |
| 9 | 2001697684 | 2001697684 | 辽三/辽宁北配(第三批)/3880/ [索取号:TJ06/5] | 在馆 | |
| 10 | 2001697685 | 2001697685 | 辽三/辽宁北配(第三批)/3880/ [索取号:TJ06/5] | 在馆 | |
| 11 | 2001697686 | 2001697686 | 辽三/辽宁北配(第三批)/3880/ [索取号:TJ06/5] | 在馆 | |
| 12 | 2001697687 | 2001697687 | 辽三/辽宁北配(第三批)/3880/ [索取号:TJ06/5] | 在馆 | |
| 13 | 2001697688 | 2001697688 | 辽三/辽宁北配(第三批)/3880/ [索取号:TJ06/5] | 在馆 | |
| 14 | 2001697689 | 2001697689 | 辽三/辽宁北配(第三批)/3880/ [索取号:TJ06/5] | 在馆 | |
| 15 | 2001697690 | 2001697690 | 辽三/辽宁北配(第三批)/3880/ [索取号:TJ06/5] | 在馆 | |
| 16 | 2001697691 | 2001697691 | 辽三/辽宁北配(第三批)/3880/ [索取号:TJ06/5] | 在馆 | |
| 17 | 2001697692 | 2001697692 | 辽三/辽宁北配(第三批)/3880/ [索取号:TJ06/5] | 在馆 | |
| 18 | 2001697693 | 2001697693 | 辽三/辽宁北配(第三批)/3880/ [索取号:TJ06/5] | 在馆 | |
| 19 | 2001697694 | 2001697694 | 辽三/辽宁北配(第三批)/3880/ [索取号:TJ06/5] | 在馆 | |
| 20 | 2001697695 | 2001697695 | 辽三/辽宁北配(第三批)/3880/ [索取号:TJ06/5] | 在馆 | |
| 21 | 2001697696 | 2001697696 | 辽三/辽宁北配(第三批)/3880/ [索取号:TJ06/5] | 在馆 | |
| 22 | 2001697697 | 2001697697 | 辽三/辽宁北配(第三批)/3880/ [索取号:TJ06/5] | 在馆 | |
| 23 | 2001697698 | 2001697698 | 辽三/辽宁北配(第三批)/3880/ [索取号:TJ06/5] | 在馆 | |
| 24 | 2001697699 | 2001697699 | 辽三/辽宁北配(第三批)/3880/ [索取号:TJ06/5] | 在馆 | |
| 25 | 2001697700 | 2001697700 | 辽三/辽宁北配(第三批)/3880/ [索取号:TJ06/5] | 在馆 | |
| 26 | 2001697701 | 2001697701 | 辽三/辽宁北配(第三批)/3880/ [索取号:TJ06/5] | 在馆 | |
| 27 | 2001697702 | 2001697702 | 辽三/辽宁北配(第三批)/3880/ [索取号:TJ06/5] | 在馆 | |
| 28 | 2001697703 | 2001697703 | 辽三/辽宁北配(第三批)/3880/ [索取号:TJ06/5] | 在馆 | |
| 29 | 2001697704 | 2001697704 | 辽三/辽宁北配(第三批)/3880/ [索取号:TJ06/5] | 在馆 | |
| 30 | 2001697705 | 2001697705 | 辽三/辽宁北配(第三批)/3880/ [索取号:TJ06/5] | 在馆 |